000 00770nam a2200241Ia 4500
003 OSt
005 20220923214530.0
006 a|||||r|||| 00| 0
007 ta
008 220922b |||||||| |||| 00| 0 hin d
024 _a170,478
037 _cTextual
040 _aARTS
_cARTS
_bhin
041 _2hin
_ahin
082 _aO152,3N132,ED, L3
100 _aशर्मा, श्रीराम
_9156279
245 0 _aएक डाल दो पंछी
246 _aEk ḍāl do panchhī
260 _aदिल्ली
_b सूर्य प्रका0
_c1973
650 _aहिन्दी साहित्य
_9156264
942 _hO152,3N132,ED, L3
_cTEXL
_2CC
999 _c324765
_d324765